00388 a2200109 4500001001000000005001700010008004100027245007800068100002300146773009200169999001700261ART_6340720260410162057.0260409a 10aEfectos y alcance de la aplicación del proceso en ausencia (ley 27.784)1 aFiumara, Franco M.0 tTemas de derecho penal y procesal penalg- Año 7, N° 9/10 (sep./oct. 2025)wREV60798 c36400d36400